1385 1638 1790 1924 1620 1806 1777 1384 1533 1791 1552 1347 1085 1140 1764 1886 1630 1008 1343 1689 1801 1290 1957 1398 1444 1114 1646 1690 1112 1377 1691 1025 1787 1740 1967 1093 1924 1344 1058 1371 1932 1498 1947 1307 1017 1935 1948 1029 1995 1864 1199 1729 1341 1002 1816 1901 1859 1324 1587 1864 1316 1313 1759 1998 1112 1716 1819 1434 1519 1558 1811 1082 1859 1474 1038 1049 1136 1619 1706 1648 1479 1129 1809 1456 1000 1662 1474 1480 1150 1777 1291 1545 1189 1322 1781 1713 1334 1557 1406 BCNSPRNW ULIB Ver.6.0+V

เปลี่ยนเป็นภาษาไทย

Change to English
 แสดงรายละเอียดบรรณานุกรม
  กลับหน้าหลัก

Brief Record : Get Marc (ISO 2709) : E-mail record : QR code < ปิดหน้าต่าง
LEADER : 00000nam 2200000uu 4500
001    13399126707
003     ULIB
008    190215s2561||||th 000 0 tha d
020    ^a9786164682894
060    ^aWP480^bม211
100    ^aจิตติ หาญประเสริฐพงษ์,^eบรรณาธิการ
245    ^aมะเร็งปากมดลูก = ^bCervical cancer
260    ^aกรุงเทพฯ :^bสหมิตรพัฒนาการพิมพ์,^c2561
300    ^a352 หน้า :^bภาพประกอบ ;^c26 ซม.
650    ^aปากมดลูก^xมะเร็ง
710    ^aมหาวิทยาลัยสงขลานครินทร์. คณะแพทยศาสตร์
945    ^p550^l0^i005305
945    ^p550^l0^i005304
945    ^p550^l0^i005303
999    ^aประนอม เกษจรัล
รายการนี้ยังไม่มีแท็ก
คุณยังไม่ได้ล็อกอิน คุณสามารถมีกิจกรรมร่วมกับเว็บไซต์ได้ แต่ต้องล็อกอินก่อน ::
  ล็อกอิน

รายการสื่อสารสนเทศ

ลำดับที่ ประเภท เลขเรียก/บาร์โค้ด สถานที่ สถานะ
1. วิทยาศาสตร์การแพทย์ และสุขภาพ
หนังสือสำรอง
สถานะ=หนังสือสำรอง
WP480 ม211 ฉ.1 
  Barcode: 005303
ห้องสมุดวิทยาเขตสวรรค์ประชารักษ์
►หนังสือทั่วไป
ถูกยืม กำหนดส่งวันที่ 13 สิงหาคม 2566
  จอง
2. วิทยาศาสตร์การแพทย์ และสุขภาพ
วิทยาศาสตร์การแพทย์ และสุขภาพ
WP480 ม211 ฉ.2 
  Barcode: 005304
ห้องสมุดวิทยาเขตสวรรค์ประชารักษ์
►หนังสือทั่วไป
บนชั้น
3. วิทยาศาสตร์การแพทย์ และสุขภาพ
วิทยาศาสตร์การแพทย์ และสุขภาพ
WP480 ม211 ฉ.3 
  Barcode: 005305
ห้องสมุดวิทยาเขตสวรรค์ประชารักษ์
►หนังสือทั่วไป
บนชั้น

BibComment


ยังไม่เคยถูกคอมเมนท์

คอมเมนท์ทรัพยากรรายการนี้
  คอมเมนท์: มะเร็งปากมดลูก ..


 Copyright 2026. Bcnsprnw @Library